Responses for show #3478 - Wednesday, October 20, 1999

Eddie Timanus game 1.

Contestants

Becky Benjamin, a law student from Miami, Florida

Eddie Timanus, a sportswriter from Reston, Virginia

Keith Lorasch, a music educator from Eau Claire, Wisconsin (whose 2-day cash winnings total $19,002)

Jeopardy! Round responses

CLASSICAL COMPOSERS
BASEBALL NICKNAMES
HEALTH & MEDICINE
BRIAN THE BABY BOOMER
CLASSIC MOVIE LINES
HOWDY, "BUSTER"
    $100 1
Mozart

Becky
    $100 2
Pete Rose

Eddie
    $100 11
earwax

Keith
    $100 20
Dick & Jane

Keith
    $100 14
Rocky

Eddie
    $100 13
Blockbuster

Becky
    $200 6
Beethoven

Keith
    $200 3
Darryl Strawberry

Eddie
    $200 12
forceps

Eddie
    $200 25
(Alex: Less than a minute to go.)

"Blowin' In The Wind"

Eddie
    $1,100 16
Jaws

Eddie
    $200 15
Ghostbusters

Eddie
    $300 7
Tchaikovsky

Keith
    $300 4
(Eddie: Who is Roger Clemens?)

Dwight Gooden

EddieBecky
    $300 21
a tick

Becky
    $300 26
the Pentagon

Triple Stumper
    $300 17
The Shining

Becky
    $300 22
Buster Brown

Becky
    $400 8
Giuseppe Verdi

Eddie
    $400 5
(Keith: Who is Babe Ruth... [*]?)
(Alex: Ooh, you just corrected yourself in time!)

Lou Gehrig

Keith
    $400 28
a mammogram

Eddie
    $400 27
(Eddie: Let me go to the other category!)

Raytheon

Triple Stumper
    $400 18
Dr. Strangelove

Keith
    $400 23
a filibuster

Eddie
    $500 10
Claude Debussy

Keith
    $500 9
Ted Williams

Eddie
    $500 29
sickle cell anemia

Keith
    $500 30
golf

Triple Stumper
    $500 19
The Princess Bride

Eddie
    $500 24
Bronco Buster

Keith

Scores at the first commercial break (after clue 15):

Keith Eddie Becky
$1,500 $1,400 $500

Scores at the end of the Jeopardy! Round:

Keith Eddie Becky
$3,000 $4,000 $1,400

Double Jeopardy! Round responses

EUROPEAN HISTORY
FORGOTTEN MUSICALS
FICTIONAL HEROES
TOUGH GEOGRAPHY
QUICK BIOS
CROSSWORD CLUES "S"
    $200 13
(E: What is Poland?)

Belgium

KeithEddie
    $200 11
Andy Griffith

Becky
    $200 3
Mike Hammer

Becky
    $200 2
Sahara

Eddie
    $200 19
Mahatma Gandhi

Eddie
    $200 1
Suspense

Eddie
    $400 18
Queen Beatrix

Eddie
    $400 14
"The Yearling"

Keith
    $400 27
d'Artagnan

Becky
    $400 8
Amazon

Becky
    $400 20
(E: Or "So-Crates", as they said!)

Socrates

Eddie
    $400 4
Sole

Becky
    $600 23
Lord Louis Mountbatten

Triple Stumper
    $600 15
"Exodus"

Triple Stumper
    $600 28
"The Mod Squad"

Keith
    $1,000 9
(B: What is the Crimean?)

Balkan Peninsula

Becky
    $600 21
Anne Hathaway

Eddie
    $600 5
Stag

Becky
    $800 24
Peloponnesian War

Eddie
    $2,000 16
"Our Town"

Keith
    $800 29
("The Avengers")
[Buzzer sounds]

John Steed

Triple Stumper
    $800 10
The Hebrides

Keith
    $800 22
Yuri Gagarin

Triple Stumper
    $800 6
Sage

Eddie
    $1000 25
(Less than aminute to go....)

Charles Martel

Eddie
    $1000 17
"Anastasia"

Triple Stumper
    $1000 12
(B: What is the Ukraine?)
(E: What is Belarus?)

Kazakhstan

EddieBecky
Triple Stumper
    $1000 26
Captain Kidd

Triple Stumper
    $1000 7
Sleeping

Becky

Scores at the end of the Double Jeopardy! Round:

Keith Eddie Becky
$7,000 $7,400 $2,600

[wagering suggestions for these scores]

Final Jeopardy! Round responses

20th CENTURY NEWSMAKERS
BeckyWho is Miranda?
$2,400
KeithWho is Miranda?
$3,000
EddieWHO WAS MIRANDA?
$7,000
Ernesto Miranda

Final scores:

Keith Eddie Becky
$10,000 $14,400 $5,000
2nd place: a Las Vegas trip New champion: $14,400 3rd place: 1-800-GIFT-CERTIFICATE gift certificate

Game dynamics:

Coryat scores:

Keith Eddie Becky
$5,800 $6,500 $3,600
14 R
(including 1 DD),
0 W
21 R
(including 1 DD),
3 W
13 R,
2 W
(including 1 DD)

Combined Coryat: $15,900

The J! Archive is created by fans, for fans. The Jeopardy! game show and all elements thereof, including but not limited to copyright and trademark thereto, are the property of Jeopardy Productions, Inc. and are protected under law. This website is not affiliated with, sponsored by, or operated by Jeopardy Productions, Inc. Join the discussion at JBoard.tv.